000 00719nam a2200241Ia 4500
003 OSt
005 20220926043021.0
006 a|||||r|||| 00| 0
007 ta
008 220923b |||||||| |||| 00| 0 eng d
037 _cGeneral Book
040 _aRTL
_cRTL
_beng
041 _2eng
_aeng
082 _aX9(J):75.2.N6, K6
110 _aNational Council of Applied Economic Research (New Delhi)
245 0 _aStrategy for agricultural planning
_b Selection of c
260 _c1966
490 _aIts occasional paper, 19
650 _aPlanning
700 _aNational Council of Applied Economic Research (New Delhi)
942 _hX9(J):75.2.N6, K6
_cGB
_2CC
999 _c671260
_d671260